| 000 | 00788nam a2200253 4500 | ||
|---|---|---|---|
| 001 | 31172 | ||
| 003 | BD-RjUL | ||
| 005 | 20211209051652.0 | ||
| 008 | 810918s1923 enk 000 0 eng d | ||
| 035 | _a(BD-RjUL)31259 | ||
| 040 |
_aDLC _cCarP _dDLC _beng |
||
| 041 | _aeng | ||
| 082 |
_a290.84 _bSCC 1960 |
||
| 100 | 1 |
_aSchweitzer, Albert, _d1875-1965. _953509 |
|
| 245 | 1 | 0 |
_aChristianity and the religions of the world / _c Albert Schweitzer |
| 260 |
_aLondon : _bGeorge Allen & Unwin Ltd., _cc1923 [6th imp.1960] |
||
| 300 |
_axv p., 1 l., 19-93 p. _c20 cm. |
||
| 650 | 0 |
_aChristianity and other religions. _994801 |
|
| 700 | 1 |
_aPowers, Johanna, _etr. _994802 |
|
| 942 |
_2ddc _cBK |
||
| 999 |
_c31172 _d31172 |
||